[Event "Cosenza Province-ch"]
[Site "Rossano"]
[Date "2006.02.19"]
[Round "3"]
[White "Promenzio, Fabrizio"]
[Black "Malta, Gaetano"]
[Result "1/2-1/2"]
[WhiteElo "1584"]
[BlackElo "1718"]
[PlyCount "118"]
[EventDate "2006.02.18"]
[EventType "swiss"]
[EventRounds "6"]
[EventCountry "ITA"]
[SourceTitle "EXT 2024"]
[Source "ChessBase"]
[SourceDate "2023.10.10"]
[SourceVersion "1"]
[SourceVersionDate "2023.10.10"]
[SourceQuality "1"]

1. e4 c5 2. Nf3 e6 3. Nc3 Nc6 4. d4 cxd4 5. Nxd4 a6 6. Nxc6 bxc6 7. a3 Qb6 8. Bc4 d5 9. exd5 exd5 10. Bb3 Nf6 11. h3 Be7 12. Bf4 0-0 13. 0-0 Bf5 14. Qd2 Rfe8 15. Rfe1 Rad8 16. Re5 Be6 17. Rae1 Nd7 18. R5e2 Nc5 19. Na4 Nxa4 20. Bxa4 Qxb2 21. Bxc6 Rf8 22. Qa5 Qxa3 23. Qxa3 Bxa3 24. Ra1 Bd6 25. Bxd6 Rxd6 26. Ba4 Ra8 27. Rb1 Bd7 28. Bxd7 Rxd7 29. Rbe1 Kf8 30. c3 Rc7 31. Rd2 Rd8 32. Ra1 Rd6 33. Ra3 Ke8 34. g4 Kd7 35. Kg2 Rc5 36. Rb2 Rb5 37. Rba2 Rbb6 38. Kg3 Rdc6 39. f3 Kc7 40. Rd2 Rc5 41. Re2 Kb7 42. Re7+ Rc7 43. Re2 Rbc6 44. Rb3+ Rb6 45. Ra3 Rbc6 46. Rb3+ Ka7 47. Re3 Rb6 48. Ra3 Rb5 49. h4 Rbc5 50. Rd3 Rd7 51. Ra4 Kb6 52. Rb4+ Rb5 53. Ra4 Ra5 54. Rb4+ Kc6 55. Rb2 Rb7 56. Rc2 Ra1 57. h5 a5 58. Rcd2 Rb5 59. c4 dxc4 1/2-1/2

[Event "ITA-ch U14"]
[Site "San Nicola Arcella"]
[Date "2004.07.09"]
[Round "8"]
[White "Gallana, Marco"]
[Black "Promenzio, Fabrizio"]
[Result "1-0"]
[WhiteElo "1709"]
[BlackElo "1548"]
[PlyCount "112"]
[EventDate "2004.07.04"]
[EventType "swiss"]
[EventRounds "8"]
[EventCountry "ITA"]
[SourceTitle "EXT 2024"]
[Source "ChessBase"]
[SourceDate "2023.10.10"]
[SourceVersion "1"]
[SourceVersionDate "2023.10.10"]
[SourceQuality "1"]

1. d4 d5 2. c4 e6 3. Nc3 Nf6 4. Bg5 Be7 5. Nf3 0-0 6. e3 a6 7. Qc2 Nbd7 8. Bd3 c6 9. 0-0 g6 10. c5 Re8 11. b4 b5 12. a4 Bb7 13. Rfb1 Qc7 14. Ne2 Kg7 15. Nc1 Ng8 16. Bf4 Qd8 17. Nb3 Bf6 18. e4 Qc8 19. Bd6 Bd8 20. Re1 Bc7 21. e5 Ne7 22. Qd2 Qd8 23. Re3 Nf5 24. Bxf5 exf5 25. h4 h6 26. a5 Re6 27. Rd3 Rc8 28. Re1 Kh7 29. Qf4 h5 30. Ng5+ Kg7 31. Nxe6+ fxe6 32. Rg3 Nf8 33. Qg5 Qxg5 34. hxg5 Nh7 35. Be7 Bd8 36. Bf6+ Kf7 37. Rh3 Be7 38. f3 Nxg5 39. Bxg5 Bxg5 40. g4 h4 41. gxf5 gxf5 42. Kf2 Rh8 43. Rg1 Bf4 44. Ke2 Rh5 45. Rgh1 Bg3 46. Rxg3 hxg3 47. Rxh5 Kg6 48. Rh3 f4 49. Kf1 Kg5 50. Rh7 Bc8 51. Rc7 Kh4 52. Kg2 Kg5 53. Rxc8 Kf5 54. Nc1 Kg5 55. Kh3 Kf5 56. Rc7 Kg6 1-0